| 000 | 00641nam a2200217 a 4500 | ||
|---|---|---|---|
| 008 | 050309s2004||||xo g 000 f slo d | ||
| 020 |
_a8080493952 _q(brož.) _c67 |
||
| 040 |
_aSNK _bslo _cSNK |
||
| 041 | 1 |
_aslo _heng |
|
| 072 | 7 |
_a821.111(73)-3 _xAmerická próza _2konspekt |
|
| 080 |
_a(0:82-312.4) _2MDT-MRF |
||
| 080 |
_a821.111(73)-3 _2MDT-MRF |
||
| 100 | 1 |
_aHooper, Kay _d1957- |
|
| 240 | 1 |
_aWhisper of evil _lSlovensky |
|
| 245 | 1 | 0 |
_aMedzi nebom a zemou- _bNell _cKay Hooper; [preklad: P. Habán] |
| 250 | _a[1. vyd.] | ||
| 260 |
_aMartin _bWist _c2004 |
||
| 300 |
_a298 s. _c20 cm |
||
| 700 | 1 |
_aHabán, P. _4trl |
|
| 044 |
_axo _cSK |
||
| 999 |
_c12220 _d12220 |
||